000 00350nam a2200133Ia 4500
008 230917s9999||||xx |||||||||||||| ||und||
040 _e247625
_aMAIN
041 _aEnglish
082 _a519.287 N153A
100 _aNandal, Naveen
245 0 _aAvailability analysis of system models with different repair policies
260 _c2015
942 _cTH
999 _c127376
_d127376